Taylor Swift or Shakespeare? #3 - Statistics

General Stats
  • This quiz has been taken 152 times
  • The average score is 12 of 13
Answer Stats
Question Answer % Correct
"Love looks not with the eyes, but with the mind" Shakespeare
98%
"If music be the food of love, play on'' Shakespeare
98%
"Words without thoughts never to heaven go" Shakespeare
96%
"You had to kill me, but it killed you just the same" Taylor Swift
96%
''Though she be but little, she is fierce'' Shakespeare
94%
"A lesser woman would've lost hope, a greater woman wouldn't beg" Taylor Swift
94%
"You sacrificed us to the gods of your bluest days" Taylor Swift
92%
"No legacy is so rich as honesty." Shakespeare
90%
"I'd meet you where the spirit meets the bone, in a faith forgotten land" Taylor Swift
90%
"How the death rattle breathing silenced as the soul was leaving" Taylor Swift
90%
"Suspicion always haunts the guilty mind'' Shakespeare
88%
"You hang from my lips like the gardens of Babylon" Taylor Swift
88%
"How's one to know, the fatal flaw that makes you long to be magnificently cursed" Taylor Swift
81%
No matching quizzes found
Score Distribution
Percent of People with Each Score
Percentile by Number Answered
Your Score History
You have not taken this quiz